000 00322nam a22001217a 4500
040 _cHS
082 _a036
100 _aហ៊ីង សាលីន
245 _aKhmer literature : អក្សរសាស្ត្រខ្មែរ
260 _aRUA
_bហ៊ីង សាលីន
_c2008
300 _a43p;
942 _cKB
999 _c10190
_d10190